| 000 | 01189 a2200229 4500 | ||
|---|---|---|---|
| 003 | Nust | ||
| 005 | 20221017142443.0 | ||
| 010 | _a 80026867 | ||
| 020 | _a0138529051 (pbk.) | ||
| 020 | _a0138529132 | ||
| 040 | _cNust | ||
| 082 | 0 | 0 | _a616.81,SES |
| 100 | 1 |
_aSessler, Gloria Jean. _9100514 |
|
| 245 | 1 | 0 |
_aStroke : _bhow to prevent it/how to survive it / _cGloria Jean Sessler. |
| 260 |
_aEnglewood Cliffs, N.J. : _bPrentice-Hall, _cc1981. |
||
| 300 |
_a287 p. ; _c24 cm. |
||
| 490 | 0 | _aA Spectrum book | |
| 505 | _aThe Incidence of Strokes (Page-1), Early Warning Signs of an Impending Stroke (Page-28), Risk Factors you can Control (Page-45), Atherosclerosis (Page-88), Cholesterol and Triglycerides (Page-99), Diabetes (Page-122), Smoking (Page-143), Oral Contraceptives (Page-164), Stress (Page-176), Lab Tests and Diagnostic Procedures (Page-189), The Completed Stroke (Page-206), Medical and Surgical Treatment of a Stroke (Page-226), Rehabilitation (Page-245), Some Self Help Aids (Page-266), Famous Persons who have Had Strokes (Page-269). | ||
| 650 | 0 |
_aCerebrovascular disease. _9100515 |
|
| 650 | 0 |
_aCerebrovascular disorders _xPopular works. _9100516 |
|
| 942 |
_2ddc _cBK |
||
| 999 |
_c183163 _d183163 |
||